00668nam a2200217Ia 450000500170000000800410001702000120005804000190007004100120008908200160010110000210011724500630013826000370020130000260023850400340026465000150029885000110031394200070032499900170033195201020034820240322152736.0131103s9999 xx 000 0 und d cRs.7.50 aLoreto College aEnglish a155.4 bMUS aMussen, Paul H.  4aThe Psychological Development of the ChildcPaul H. Mussen aNew DelhibPrentice - hallc1969 axv,109p.b ill.,chart aIncludes bibliography & index aPsychology aLCBED  cBK c26945d77424 00102ddc4070aMAINbMAINd2013-11-04l0o155.4 MUS 466pB29785r2013-11-04w2013-11-04yBKf